000 00685nam a22002417a 4500
003 UA-OsUOA
001 45130
007 ta
008 20070327b un ||||| |||| 00| 0 ukr d
100 _aШвед В. О.
090 _a321:327. 51(477)
_bШ 48
942 _cBK
040 _aUA-OsUOA
_bukr
_cUA-OsUOA
_dUA-OsUOA
245 _aБлизькосхідний регіон у сучасних стратегіях трансатлантичнорї спільноти
_bМонографія
300 _a242 с.
955 _a1
041 _aukr
080 _a321:327. 51(477)
020 _a966-554-087-2
260 _aК.
_bНІСД
_c2006
650 7 _2UDC
999 _c331239
_d331239